<?xml version="1.0" encoding="UTF-8"?>
<record
    xmlns:xsi="http://www.w3.org/2001/XMLSchema-instance"
    xsi:schemaLocation="http://www.loc.gov/MARC21/slim http://www.loc.gov/standards/marcxml/schema/MARC21slim.xsd"
    xmlns="http://www.loc.gov/MARC21/slim">

  <leader>03603nam a22004697a 4500</leader>
  <controlfield tag="001">BRCA_9230</controlfield>
  <controlfield tag="003">FranzMayer</controlfield>
  <controlfield tag="005">20220921134607.0</controlfield>
  <controlfield tag="008">220913b        |||||||| |||| 00| 0 eng d</controlfield>
  <datafield tag="020" ind1=" " ind2=" ">
    <subfield code="a">9788481815405</subfield>
  </datafield>
  <datafield tag="020" ind1=" " ind2=" ">
    <subfield code="a">9788461646258</subfield>
  </datafield>
  <datafield tag="040" ind1=" " ind2=" ">
    <subfield code="b">spa</subfield>
    <subfield code="c">MFM</subfield>
  </datafield>
  <datafield tag="041" ind1=" " ind2=" ">
    <subfield code="a">spa</subfield>
  </datafield>
  <datafield tag="050" ind1=" " ind2=" ">
    <subfield code="a">NK9900.5.E</subfield>
    <subfield code="b">L33 2013</subfield>
  </datafield>
  <datafield tag="245" ind1=" " ind2=" ">
    <subfield code="a">Lacas Namban : </subfield>
    <subfield code="b">Huellas de Jap&#xF3;n en Espa&#xF1;a. IV Centenario de la Embajada Keich&#xF4; = Namban Lacquer : Japan remained in Spain : 400 years after the Keicho Embassy = &#x5357;&#x86EE;&#x6F06;&#x5668; : &#x30B9;&#x30DA;&#x30A4;&#x30F3;&#x306B;&#x6B8B;&#x3055;&#x308C;&#x305F;&#x300C;&#x65E5;&#x672C;&#x300D; : &#x6176;&#x9577;&#x9063;&#x6B27;&#x4F7F;&#x7BC0;400&#x5468;&#x5E74;</subfield>
  </datafield>
  <datafield tag="260" ind1=" " ind2=" ">
    <subfield code="a">Madrid : </subfield>
    <subfield code="b">Ministerio de Educaci&#xF3;n, Cultura y Deporte, Subdirecci&#xF3;n General de Documentaci&#xF3;n y Publicaciones, </subfield>
    <subfield code="c">2013</subfield>
  </datafield>
  <datafield tag="260" ind1=" " ind2=" ">
    <subfield code="a">Madrid : </subfield>
    <subfield code="b">Fundaci&#xF3;n Jap&#xF3;n, Madrid, </subfield>
    <subfield code="c">2013</subfield>
  </datafield>
  <datafield tag="300" ind1=" " ind2=" ">
    <subfield code="a">509 pp. :</subfield>
    <subfield code="b">il. fot. map. ; </subfield>
    <subfield code="c">17 x 24 cm.</subfield>
  </datafield>
  <datafield tag="500" ind1=" " ind2=" ">
    <subfield code="a">Ubicaci&#xF3;n: L60-N1</subfield>
  </datafield>
  <datafield tag="500" ind1=" " ind2=" ">
    <subfield code="a">Cat&#xE1;logo publicado con motivo de la exposici&#xF3;n que lleva por nombre el mismo de &#xE9;ste ejemplar, realizada en el Museo Nacional de Artes Decorativas (12 de junio al 29 de septiembre de 2013)</subfield>
  </datafield>
  <datafield tag="504" ind1=" " ind2=" ">
    <subfield code="a">Bibliograf&#xED;a: pp. 475-503</subfield>
  </datafield>
  <datafield tag="505" ind1=" " ind2=" ">
    <subfield code="t">Presentaci&#xF3;n / </subfield>
    <subfield code="r">Fernando Garc&#xED;a Guti&#xE9;rrez</subfield>
  </datafield>
  <datafield tag="505" ind1=" " ind2=" ">
    <subfield code="t">Rutas, viajes y encuentros entre Jap&#xF3;n y Espa&#xF1;a / </subfield>
    <subfield code="r">Ana Trujillo Dennis</subfield>
  </datafield>
  <datafield tag="505" ind1=" " ind2=" ">
    <subfield code="t">Jap&#xF3;n, Date Masamune y la embajada Keich&#xF4; / </subfield>
    <subfield code="r">Javier Villalba Fern&#xE1;ndez</subfield>
  </datafield>
  <datafield tag="505" ind1=" " ind2=" ">
    <subfield code="t">Las primeras visitas de los viajeros del Lejano Occidente a Jap&#xF3;n / </subfield>
    <subfield code="r">Javier Villalba Fern&#xE1;ndez</subfield>
  </datafield>
  <datafield tag="505" ind1=" " ind2=" ">
    <subfield code="t">La pintura de la escuela Namban en Jap&#xF3;n / </subfield>
    <subfield code="r">Fernando Garc&#xED;a Guti&#xE9;rrez</subfield>
  </datafield>
  <datafield tag="505" ind1=" " ind2=" ">
    <subfield code="t">La impronta cultural de occidente en la vida cotidiana japonesa del periodo Namban / </subfield>
    <subfield code="r">Muriel G&#xF3;mez Pradas</subfield>
  </datafield>
  <datafield tag="505" ind1=" " ind2=" ">
    <subfield code="t">Los textos impresos como testimonios de un encuentro. Libros occidentales relativos al periodo Namban en Espa&#xF1;a y su contribuci&#xF3;n a la creaci&#xF3;n de la imagen de Jap&#xF3;n / </subfield>
    <subfield code="r">Elena Barl&#xE9;s Baguena</subfield>
  </datafield>
  <datafield tag="505" ind1=" " ind2=" ">
    <subfield code="t">Mapas, m&#xE1;rtires, embajadas y exotismo: la imagen de Jap&#xF3;n en la cultura visual europea / </subfield>
    <subfield code="r">Pilar Caba&#xF1;as Moreno y David Almaz&#xE1;n Tom&#xE1;s</subfield>
  </datafield>
  <datafield tag="505" ind1=" " ind2=" ">
    <subfield code="t">La armadura del samur&#xE1;i: de valiosos regalos a est&#xED;mulos de la imaginaci&#xF3;n / </subfield>
    <subfield code="r">Matilde Rosa Arias Est&#xE9;vez</subfield>
  </datafield>
  <datafield tag="505" ind1=" " ind2=" ">
    <subfield code="t">Laca japonesa urushi de estilo Namban en Espa&#xF1;a. V&#xED;as de su llegada y sus destinos / </subfield>
    <subfield code="r">Yayoi Kawamura</subfield>
  </datafield>
  <datafield tag="505" ind1=" " ind2=" ">
    <subfield code="t">Huellas del arte japon&#xE9;s en Nueva Espa&#xF1;a: biombos, enconchados y maques / </subfield>
    <subfield code="r">Pilar Caba&#xF1;as Moreno </subfield>
  </datafield>
  <datafield tag="505" ind1=" " ind2=" ">
    <subfield code="t">Cat&#xE1;logo razonado: Laca Namban y obras de Nueva Espa&#xF1;a</subfield>
  </datafield>
  <datafield tag="505" ind1=" " ind2=" ">
    <subfield code="t">Glosario b&#xE1;sico de t&#xE9;rminos de arte japon&#xE9;s y de laca urushi</subfield>
  </datafield>
  <datafield tag="505" ind1=" " ind2=" ">
    <subfield code="t">Anexo: Selecci&#xF3;n de libros occidentales relacionados con el periodo Namban en bibliotecas y otras instituciones espa&#xF1;olas / </subfield>
    <subfield code="r">Elena Barl&#xE9;s B&#xE1;guena</subfield>
  </datafield>
  <datafield tag="520" ind1=" " ind2=" ">
    <subfield code="a">El prop&#xF3;sito de la exposici&#xF3;n es fomentar la comprensi&#xF3;n mutua entre los dos pa&#xED;ses. Dicha exposici&#xF3;n est&#xE1; compuesta de dos partes. La primera es la explicaci&#xF3;n de la embajada de Hasekura a trav&#xE9;s de paneles fotogr&#xE1;ficos, mediante la cual se quiere profundizar en la finalidad de la misi&#xF3;n de Hasekura, su trasfondo hist&#xF3;rico y la relaci&#xF3;n diplom&#xE1;tica de ambos pa&#xED;ses de la &#xE9;poca. La segunda parte de la exposici&#xF3;n est&#xE1; dedicada a los utensilios de estilo Namban guardados en Espa&#xF1;a tras su llegada desde Jap&#xF3;n a partir del siglo XVI. - Proporcionado por Fundaci&#xF3;n Jap&#xF3;n, Madrid</subfield>
  </datafield>
  <datafield tag="650" ind1=" " ind2=" ">
    <subfield code="a">Lacas</subfield>
    <subfield code="v">Exposiciones</subfield>
    <subfield code="z">Espa&#xF1;a</subfield>
    <subfield code="z">Jap&#xF3;n</subfield>
    <subfield code="9">28554</subfield>
  </datafield>
  <datafield tag="650" ind1=" " ind2=" ">
    <subfield code="a">Arte namban</subfield>
    <subfield code="x">Influencias</subfield>
    <subfield code="v">Exposiciones</subfield>
    <subfield code="9">28555</subfield>
  </datafield>
  <datafield tag="651" ind1=" " ind2=" ">
    <subfield code="2">Espa&#xF1;a</subfield>
    <subfield code="x">Relaciones</subfield>
    <subfield code="z">Jap&#xF3;n</subfield>
    <subfield code="9">28556</subfield>
  </datafield>
  <datafield tag="942" ind1=" " ind2=" ">
    <subfield code="2">lcc</subfield>
    <subfield code="c">B</subfield>
  </datafield>
  <datafield tag="999" ind1=" " ind2=" ">
    <subfield code="c">10849</subfield>
    <subfield code="d">10849</subfield>
  </datafield>
  <datafield tag="952" ind1=" " ind2=" ">
    <subfield code="0">0</subfield>
    <subfield code="1">0</subfield>
    <subfield code="2">lcc</subfield>
    <subfield code="4">0</subfield>
    <subfield code="7">0</subfield>
    <subfield code="a">BRCA</subfield>
    <subfield code="b">BRCA</subfield>
    <subfield code="d">2022-09-13</subfield>
    <subfield code="l">0</subfield>
    <subfield code="o">NK9900.5.E L33 2013</subfield>
    <subfield code="p">CONT10018</subfield>
    <subfield code="r">2022-09-13 00:00:00</subfield>
    <subfield code="w">2022-09-13</subfield>
    <subfield code="y">B</subfield>
  </datafield>
</record>
